| 000 | 01453cab a2200289 4500 | ||
|---|---|---|---|
| 001 | ABS49001 | ||
| 008 | 090401t1993 xxu||||| |||| 00| 0 eng d | ||
| 035 | _a(Sirsi) u69423 | ||
| 041 | _aeng | ||
| 245 | _aDame Margaret Hungerford Charity Trustees v Beazeley | ||
| 260 | _c1993 | ||
| 350 | _a0 | ||
| 490 |
_aEstates Gazette _v(1993) 29 EG 100-105(5) |
||
| 520 | _aCA 29 April 1993. B had a tenancy of a listed building for five years, after which B continued in residence, protected by the Rent Act 1977. D had been unable, during the latter period, to promote a scheme of reconstruction. Eventually D brought an action for possession, offering alternative, though smaller, accommodation. B countered by claiming that the landlords had failed in their obligations to maintain the property. An order for possession was awarded to D. B appealed. Appeal dismissed as the hardship to B was less severe than the general detriment caused by failure to restore the historic building which would ensue if B remained. | ||
| 650 | _aALMSHOUSES | ||
| 650 | _aCORSHAM | ||
| 650 | _aLANDLORD AND TENANT ACT 1985 S11 | ||
| 650 | _aLISTED BUILDINGS | ||
| 650 | _aPOSSESSION | ||
| 650 | _aPROTECTED TENANCIES | ||
| 650 | _aRENT ACT 1977 | ||
| 650 | _aREPAIRS | ||
| 650 | _aBUILT ENVIRONMENT-BUILDING ELEMENTS-COMPLETE BUILDING ELEMENTS-ROOFS | ||
| 690 | _aLANDLORD AND TENANT-CASE LAW-RESIDENTIAL TENANCIES | ||
| 942 | _n0 | ||
| 948 | _c04/03/1997 | ||
| 999 |
_c43602 _d43602 |
||